|
|
|
|
| LEADER |
00000nam0a2200000 4500 |
| 001 |
261061 |
| 005 |
20231101233531.0 |
| 010 |
|
|
|a 5203005273
|
| 035 |
|
|
|a (RuTPU)RU\TPU\book\284034
|
| 090 |
|
|
|a 261061
|
| 100 |
|
|
|a 20140520d1988 k y0rusy50 ca
|
| 101 |
0 |
|
|a rus
|
| 102 |
|
|
|a RU
|
| 105 |
|
|
|a a z 001zy
|
| 200 |
1 |
|
|a Боевой путь Советского Военно-Морского Флота
|f под ред. А. В. Басова
|
| 205 |
|
|
|a 4-е изд., перераб. и доп.
|
| 210 |
|
|
|a Москва
|c Военное изд-во
|d 1988
|
| 215 |
|
|
|a 607 с.
|c ил.
|
| 320 |
|
|
|a Указатели: с. 588-604.
|
| 606 |
1 |
|
|a Военно-морской флот
|y СССР
|2 stltpush
|3 (RuTPU)RU\TPU\subj\3263
|9 31708
|
| 610 |
1 |
|
|a военная история
|
| 610 |
1 |
|
|a Россия
|
| 610 |
1 |
|
|a история
|
| 610 |
1 |
|
|a моряки
|
| 610 |
1 |
|
|a атомные подводные лодки
|
| 610 |
1 |
|
|a авианосцы
|
| 610 |
1 |
|
|a корабли
|
| 686 |
|
|
|a Ц66,6(2)
|v LBC/SL-A
|2 rubbk
|
| 702 |
|
1 |
|a Басов
|b А. В.
|4 340
|
| 801 |
|
1 |
|a RU
|b 63413507
|c 20140520
|
| 801 |
|
2 |
|a RU
|b 63413507
|c 20160512
|g RCR
|
| 942 |
|
|
|c BK
|